Southville International School and Colleges
Your cart is empty.
  • Cart
  • Lists
    Public lists Eva Luna New books Lux_list list_1
    Your lists Log in to create your own lists
  • Log in to your account
  • Your cookies
  • Search history
Southville International School and Colleges
  • Advanced search
  • Recent comments
  • Most popular
  • Libraries

Log in to your account

Log in with GOOGLE


If you do not have an external account, but do have a local account, you can still log in:

  1. Home
  2. MARC view: Why Spider Spins Tales /
Normal view MARC view ISBD view

Why Spider Spins Tales / (Record no. 306028)

[ view plain ]
MARC details
000 -LEADER
fixed length control field 00583nam a2200217Ia 4500
008 - FIXED-LENGTH DATA ELEMENTS--GENERAL INFORMATION
fixed length control field 170203s9999 xx 000 0 und d
020 ## - INTERNATIONAL STANDARD BOOK NUMBER
International Standard Book Number 0-816740089
050 ## - LIBRARY OF CONGRESS CALL NUMBER
Classification number Fic
050 ## - LIBRARY OF CONGRESS CALL NUMBER
Item number .C886w 1996
100 ## - MAIN ENTRY--PERSONAL NAME
Personal name Craig, Janet P.
245 ## - TITLE STATEMENT
Title Why Spider Spins Tales /
245 ## - TITLE STATEMENT
Remainder of title A Story from Africa /
245 ## - TITLE STATEMENT
Statement of responsibility, etc retold by Janet Palazzo-Craig ; illustrated by Charles Reasoner.
260 ## - PUBLICATION, DISTRIBUTION, ETC. (IMPRINT)
Place of publication, distribution, etc U.S.A :
260 ## - PUBLICATION, DISTRIBUTION, ETC. (IMPRINT)
Name of publisher, distributor, etc Troll Communication L.L.C.
260 ## - PUBLICATION, DISTRIBUTION, ETC. (IMPRINT)
Date of publication, distribution, etc 1996
300 ## - PHYSICAL DESCRIPTION
Extent 32 pages ;
300 ## - PHYSICAL DESCRIPTION
Other physical details col. ill. ;
300 ## - PHYSICAL DESCRIPTION
Dimensions 23 cm.
440 ## - SERIES STATEMENT/ADDED ENTRY--TITLE
Title First-start legends.
Holdings
Withdrawn status Lost status Damaged status Home library Current library Shelving location Date acquired Total Checkouts Full call number Barcode Date last seen Price effective from Koha item type
      Stonyhurst Southville International School (Batangas) Stonyhurst Southville International School (Batangas)   02/03/2017   Fic .C886w 1996 LS-0703 02/03/2017 02/03/2017 Books

Why Spider Spins Tales /

APA

Craig J. P., .Why Spider Spins Tales. U.S.A: .

Chicago

Craig Janet P, .Why Spider Spins Tales. U.S.A: .

Harvard

Craig J. P., .Why Spider Spins Tales. U.S.A: .

MLA

Craig Janet P, .U.S.A: . .

  • Place hold
  • Print
  • Cite
  • Add to your cart (remove)
  • Save record
    BIBTEX Dublin Core MARCXML MARC (non-Unicode/MARC-8) MARC (Unicode/UTF-8) MARC (Unicode/UTF-8, Standard) MODS (XML) RIS
  • More searches
    Search for this title in:
    Other Libraries (WorldCat) Other Databases (Google Scholar) Online Stores (Bookfinder.com) Open Library (openlibrary.org)

Exporting to Dublin Core...

SOUTHVILLE LIBRARY

Southville International School and Colleges Library

1281 Tropical Ave. Cor. Luxembourg St., BF Homes International, Las Pinas City

Tel. No. 8256374 / 252358 Loc. 117/146

Powered by Koha